Portraits du Fayoum : Visages de l'Égypte ancienne /

محفوظ في:

المؤلف الرئيسي: Doxiadis, Euphrosyne.

مؤلفون آخرون: Collins, Dennis., Thompson, Dorothy J., 1939-, Riches, Pierre.

التنسيق: كتاب

اللغة: French

منشور في: Paris : Gallimard, c1995.

الموضوعات:

الوسوم: إضافة وسم

لا توجد وسوم, كن أول من يضع وسما على هذه التسجيلة!

رقم الطلب: ( F )ND1327 .E3 D6815 1995

LEADER 01483cam a2200361Ma 4500
001 ocn194560367
003 OSt
005 20240222085358.0
008 980423s1995 fr ab b 001 0 fre d
999 |c 57086  |d 57086 
020 |a 2070115186 (French ed.) 
020 |a 9782070115181 (French ed.) 
035 |a (OCoLC)194560367 
040 |c ARCE Library 
050 4 |a ( F )ND1327 .E3 D6815 1995 
100 1 |a Doxiadis, Euphrosyne. 
245 1 0 |a Portraits du Fayoum :   |b Visages de l'Égypte ancienne /   |c Euphrosyne Doxiadis ; préface de Dorothy J. Thompson ; traduit de l'anglais par Dennis Collins. 
246 3 0 |a Visages de l'Égypte ancienne. 
260 |a Paris :  |b Gallimard,  |c c1995. 
300 |a 247 p. :  |b ill. (chiefly col.), maps ;  |c 33 cm. 
500 |a Published in English by Thames and Hudson, London and by H.N. Abrams in New York, 1995; published in Greek by Adam, Athens, 1996. 
504 |a Includes bibliographical references and index. 
541 |a From the personal library collection of Father Pierre Riches. 
590 |a Father Pierre Riches's copy has dated inscription to Riches. 
650 0 |a Mummy portraits  |z Egypt  |z Fayyūm. 
650 0 |a Portraits, Roman  |z Egypt  |z Fayyūm. 
651 0 |a Fayyūm (Egypt)  |x Antiquities, Roman. 
651 0 |a Egypt  |x Antiquities, Roman. 
700 1 |a Collins, Dennis. 
700 1 |a Thompson, Dorothy J.,  |d 1939- 
700 1 2 |a Riches, Pierre.  |t Riches personal library collection. 
901 |a reviewed 
942 |2 lcc  |c BK